| 000 | 00979nam a2200241Ia 4500 | ||
|---|---|---|---|
| 003 | GCL | ||
| 005 | 20240530102527.0 | ||
| 008 | 140319s9999 xx 000 0 ara d | ||
| 020 | _a1654401977 | ||
| 040 |
_aGCL / _cGCL |
||
| 082 | 0 | 4 |
_a953.08 _bق/م ق |
| 100 | 1 | _aمجدى عبدالرشيد بحر | |
| 245 | 1 | 0 |
_aالقرية المصرية فى عصر سلاطين المماليك 648 - 923 هـ \ 1250 - 1517 م / _cمجدى عبدالرشيد بحر |
| 260 |
_aالقاهرة : _bالهيئة المصرية العامة للكتاب ، _c1999 |
||
| 300 |
_a375 ص ؛ _c22 سم |
||
| 490 |
_aتاريخ المصريين _v170 |
||
| 650 | 0 | 4 | _aالتنمية الزراعية |
| 650 | 0 | 4 | _aمصر - الاحوال الاقتصادية |
| 650 | 0 | 4 | _aمصر - تاريخ - عصر المماليك ( 1250-1517 م ) |
| 650 | 0 | 4 | _aالاصلاح الزراعى - مصر |
| 650 | 0 | 4 | _aالريف المصرى - تاريخ - عصر المماليك |
| 942 |
_2ddc _cBK |
||
| 999 |
_c32876 _d32876 |
||